| 000 | 00862nam a2200217 u 4500 | ||
|---|---|---|---|
| 001 | 000797815 | ||
| 003 | AM-YeHGA | ||
| 005 | 20250618073913.0 | ||
| 008 | 110323s1964 ru a r 000 1brus d | ||
| 040 | _aAM-YeHGA | ||
| 041 | 0 | _arus | |
| 100 | 1 |
_aУрнов, Михаил Васильевич _d1909-1993 |
|
| 245 | 1 | 0 |
_aШекспир : _bЕго герой и его время / _cМ.В. Урнов, Д.М. Урнов ; Отв.ред Н.И. Конрад. |
| 260 |
_aМосква : _bНаука, _c1964. |
||
| 300 |
_a207 с., [6] л. илл. : _bрис. |
||
| 440 | 0 | _aНаучно-популярная серия | |
| 600 | 1 | 4 |
_aՇեքսպիր, Ուիլյամ, _d1564-1616 _94634 |
| 700 | 1 |
_aУрнов, Дмитрий Михайлович _d1936- |
|
| 700 | 1 |
_aКонрад, Николай Иосифович _eред. _4edt _d1891-1970 |
|
| 090 | _c292297 | ||
| 999 |
_c290620 _d290620 |
||